Electrónica y dispositivos electrónicos : tratado de electrónica teórica que cubre el dominio de la técnica gracias a las numerosas aplicaciones prácticas que se dan como ejemplos ilustrativos

Sábháilte in:
Sonraí bibleagrafaíochta
Príomhchruthaitheoir: Albert, Arthur Lemuel
Rannpháirtithe: Fernández Ferrer, Julián Editor
Formáid: LEABHAR
Teanga:Spanish
Foilsithe / Cruthaithe: Barcelona : Reverte, 1962
Ábhair:
Clibeanna: Cuir clib leis
Níl clibeanna ann, Bí ar an gcéad duine le clib a chur leis an taifead seo!

MARC

LEADER 00000nam a2200000Ia 4500
003 L000767
005 20221231144006.0
008 140114s1962 sp a 000 ||spa d
040 |c cru CEDI 
082 |a 621.381.5 A333e 
100 |a Albert, Arthur Lemuel  |9 19367 
245 |a Electrónica y dispositivos electrónicos : tratado de electrónica teórica que cubre el dominio de la técnica gracias a las numerosas aplicaciones prácticas que se dan como ejemplos ilustrativos  
260 |a Barcelona : Reverte,   |c 1962 
300 |a 602 páginas 
500 |a Titulo original: Electronics and electron devices 
650 |x ELECTRONICA   |x APARATOS E INSTRUMENTOS  |9 19369 
700 |9 19368  |a Fernández Ferrer, Julián  |d Editor 
942 |2 ddc  |c BK 
999 |c 15299  |d 15299